|
|
|
|
| LEADER |
00759naa a2200193 i 4500 |
| 001 |
publ9695 |
| 005 |
20200115123043.0 |
| 008 |
161003s2015 hu o 0|| zxx d |
| 020 |
|
|
|a 978-963-12-3268-4
|
| 024 |
7 |
|
|a 3071368
|2 mtmt
|
| 040 |
|
|
|a SZTE Publicatio Repozitórium
|b hun
|
| 041 |
|
|
|a zxx
|
| 100 |
1 |
|
|a Takács Tamás
|
| 245 |
1 |
2 |
|a A pancreas vezeték congenitalis anomáliái
|h [elektronikus dokumentum] /
|c Takács Tamás
|
| 260 |
|
|
|a ENDO-VILÁG Egészségügyi Kft.
|b Budapest, Magyarország
|c 2015
|
| 300 |
|
|
|a 355-360
|
| 490 |
0 |
|
|a Emésztőszervi endoszkópia
|
| 856 |
4 |
0 |
|u http://publicatio.bibl.u-szeged.hu/9695/8/emesztoszervi_endoszkopia_tartj.pdf
|z Dokumentum-elérés
|
| 856 |
4 |
0 |
|u http://publicatio.bibl.u-szeged.hu/9695/9/3071368.pdf
|z Dokumentum-elérés
|